[Event "Polanica Zdroj op-B 46th"]
[Site "Polanica Zdroj"]
[Date "2010.08.19"]
[Round "2"]
[White "Labuda, Michal"]
[Black "Jasnikowska, Daria"]
[Result "1-0"]
[WhiteElo "1900"]
[BlackElo "1650"]
[PlyCount "107"]
[EventDate "2010.08.18"]
[EventType "swiss"]
[EventRounds "9"]
[EventCountry "POL"]
[SourceTitle "CBM 138 Extra"]
[Source "ChessBase"]
[SourceDate "2010.10.29"]
[SourceVersion "1"]
[SourceVersionDate "2010.10.29"]
[SourceQuality "1"]

1. d4 d5 2. c4 e6 3. Nc3 Nf6 4. Bg5 Be7 5. cxd5 exd5 6. e3 c6 7. Qc2 Be6 8. Bd3 h6 9. Bh4 Nbd7 10. Nge2 Nb6 11. 0-0 Rc8 12. Na4 0-0 13. Nc5 Bxc5 14. dxc5 Nbd7 15. f4 Bg4 16. Ng3 Qe7 17. Rae1 Qxc5 18. h3 Qxc2 19. Bxc2 Bh5 20. Bf5 Bg6 21. Bxf6 Bxf5 22. Nxf5 Nxf6 23. Ne7+ Kh7 24. Nxc8 Rxc8 25. Rc1 Ne4 26. Rfd1 Re8 27. Kf1 Re7 28. Ke2 g5 29. Kf3 f5 30. g4 Kg6 31. b4 Nd6 32. a4 a6 33. Rb1 Kf6 34. b5 axb5 35. axb5 Nxb5 36. Rxb5 cxb5 37. Rxd5 fxg4+ 38. hxg4 Re6 39. Rxb5 b6 40. f5 Rc6 41. e4 Kg7 42. Rb3 Kf8 43. Ke3 Ke7 44. e5 Kf7 45. Kd4 Ke7 46. Ra3 Rc7 47. Rb3 Rc6 48. Rb5 h5 49. gxh5 Rh6 50. f6+ Kf7 51. Rxb6 Rxh5 52. Rb7+ Ke6 53. Re7+ Kf5 54. f7 1-0

[Event "Kowalewo Pomorskie op-B 17th"]
[Site "Kowalewo Pomorskie"]
[Date "2010.07.09"]
[Round "7"]
[White "Brozek, Lukasz"]
[Black "Jasnikowska, Daria"]
[Result "1-0"]
[WhiteElo "1883"]
[BlackElo "1650"]
[PlyCount "79"]
[EventDate "2010.07.04"]
[EventType "swiss"]
[EventRounds "9"]
[EventCountry "POL"]
[SourceTitle "EXT 2011"]
[Source "ChessBase"]
[SourceDate "2010.11.26"]
[SourceVersion "1"]
[SourceVersionDate "2010.11.26"]
[SourceQuality "1"]

1. e4 d5 2. Nc3 dxe4 3. Nxe4 Bf5 4. Ng3 Bg6 5. d4 e6 6. Nf3 Nf6 7. Bd3 c6 8. c3 Bd6 9. Bg5 Nbd7 10. Bxg6 hxg6 11. Ne4 Be7 12. Nxf6+ Nxf6 13. Ne5 Nd7 14. Bxe7 Qxe7 15. Nd3 Nf6 16. Qb3 0-0-0 17. 0-0-0 Qc7 18. h3 Nd5 19. g3 Kb8 20. Rde1 Qe7 21. Ne5 Ka8 22. h4 g5 23. h5 Rc8 24. Nd3 g4 25. Re5 Rh6 26. c4 Nf6 27. Ra5 g6 28. Qb6 a6 29. Nc5 Qc7 30. Qb4 Ka7 31. Qa3 Qb6 32. Ra4 Rb8 33. Rb4 Qc7 34. Ra4 Qb6 35. Ra5 Rd8 36. Ra4 Rb8 37. b4 Rc8 38. Ra5 Nd7 39. Nxd7 Qxd4 40. Qe3 1-0

[Event "POL-ch U18 Girls"]
[Site "Chotowa"]
[Date "2009.04.05"]
[Round "11"]
[White "Stepien, Katarzyna"]
[Black "Jasnikowska, Daria"]
[Result "1-0"]
[WhiteElo "1626"]
[BlackElo "1762"]
[PlyCount "73"]
[EventDate "2009.03.28"]
[EventType "swiss"]
[EventRounds "11"]
[EventCountry "POL"]
[SourceTitle "EXT 2018"]
[Source "ChessBase"]
[SourceDate "2017.10.13"]
[SourceVersion "1"]
[SourceVersionDate "2017.10.13"]
[SourceQuality "1"]

1. d4 d5 2. Nf3 e6 3. Bf4 Nf6 4. e3 Be7 5. Be2 0-0 6. 0-0 b6 7. c4 Bb7 8. Nc3 c6 9. Rc1 Nbd7 10. cxd5 exd5 11. h3 Kh8 12. Bd3 a6 13. Bb1 c5 14. dxc5 bxc5 15. Qc2 Rc8 16. Rfd1 g6 17. Bh6 Re8 18. b3 Bf8 19. Bg5 Qc7 20. Bf4 Bd6 21. Bxd6 Qxd6 22. Qb2 Kg8 23. Na4 Qe7 24. Ne1 Ne4 25. Qe2 Qf6 26. Bxe4 Rxe4 27. Nc3 Re5 28. f4 Rh5 29. Kh2 d4 30. g4 Rh4 31. Nf3 dxe3 32. Nxh4 Qxf4+ 33. Kg1 Qg3+ 34. Ng2 Ne5 35. Rf1 Nf3+ 36. Rxf3 Bxf3 37. Qf1 1-0

[Event "POL-ch U18 Girls"]
[Site "Chotowa"]
[Date "2009.04.02"]
[Round "8"]
[White "Przybielska, Agnieszka"]
[Black "Jasnikowska, Daria"]
[Result "1-0"]
[WhiteElo "1575"]
[BlackElo "1762"]
[PlyCount "113"]
[EventDate "2009.03.28"]
[EventType "swiss"]
[EventRounds "11"]
[EventCountry "POL"]
[SourceTitle "EXT 2011"]
[Source "ChessBase"]
[SourceDate "2010.11.26"]
[SourceVersion "1"]
[SourceVersionDate "2010.11.26"]
[SourceQuality "1"]

1. d4 d5 2. c4 e6 3. Nc3 Nf6 4. Bg5 Be7 5. Nf3 b6 6. e3 Bb7 7. Bd3 Nbd7 8. 0-0 0-0 9. h3 c5 10. Qe2 Re8 11. Rac1 a6 12. a4 Ne4 13. Bxe7 Qxe7 14. Qc2 Nxc3 15. bxc3 h6 16. cxd5 exd5 17. Qb2 Rab8 18. Rb1 c4 19. Bc2 Bc6 20. Qb4 Qxb4 21. Rxb4 b5 22. axb5 axb5 23. Rfb1 Ra8 24. Bf5 f6 25. Nh4 Ra2 26. Bg6 Rb8 27. Nf5 Kf8 28. Nd6 Ra5 29. f3 Ke7 30. Nf5+ Kf8 31. Ng3 Ra3 32. Rc1 Nb6 33. e4 Na4 34. Ne2 dxe4 35. fxe4 Ra2 36. Kf1 Nb2 37. Rc2 Ra1+ 38. Rc1 Rxc1+ 39. Nxc1 Na4 40. Ne2 Be8 41. Bf5 g6 42. Be6 Ke7 43. Bxc4 Rc8 44. Bxb5 Bxb5 45. Rxb5 Nxc3 46. Nxc3 Rxc3 47. Ke2 Rc2+ 48. Kf3 Rd2 49. Rb4 h5 50. Rb7+ Ke6 51. Rb6+ Ke7 52. d5 Rd3+ 53. Kf4 Rd1 54. Rb3 Kd6 55. h4 Rd2 56. Rg3 Rd1 57. Rxg6 1-0

[Event "POL-ch Liga3 U18"]
[Site "Koscielec"]
[Date "2009.02.04"]
[Round "5.11"]
[White "Jasnikowska, Daria"]
[Black "Ostrowska, Marta"]
[Result "1-0"]
[WhiteElo "1762"]
[BlackElo "1675"]
[PlyCount "75"]
[EventDate "2009.01.31"]
[EventType "swiss"]
[EventRounds "9"]
[EventCountry "POL"]
[SourceTitle "EXT 2023"]
[Source "ChessBase"]
[SourceDate "2022.10.05"]
[SourceVersion "1"]
[SourceVersionDate "2022.10.05"]
[SourceQuality "1"]

1. e4 c5 2. Nf3 d6 3. d4 cxd4 4. Nxd4 Nf6 5. Nc3 a6 6. Be2 e5 7. Nb3 h6 8. f4 Be7 9. g4 b5 10. g5 hxg5 11. fxg5 Nfd7 12. Nd5 Nc5 13. Be3 Nbd7 14. Bf3 Rb8 15. Qd2 Nb6 16. Nxb6 Qxb6 17. 0-0-0 Qc7 18. g6 Be6 19. gxf7+ Bxf7 20. Kb1 Na4 21. Rhg1 g6 22. Bg5 Bxg5 23. Rxg5 Rd8 24. Rg3 Nb6 25. Bg4 Nc4 26. Qf2 a5 27. Rf3 a4 28. Rf1 Rh7 29. Nc1 Qe7 30. Nd3 a3 31. Nb4 Ra8 32. Nd5 Qg5 33. Nf6+ Kd8 34. Nxh7 Nd2+ 35. Qxd2 Qxd2 36. Rxf7 Qb4 37. Rd7+ Kc8 38. Rf8# 1-0

[Event "POL-ch Liga3 U18"]
[Site "Koscielec"]
[Date "2009.01.31"]
[Round "3.17"]
[White "Jasnikowska, Daria"]
[Black "Murawa, Monika"]
[Result "0-1"]
[WhiteElo "1762"]
[BlackElo "1599"]
[PlyCount "58"]
[EventDate "2009.01.31"]
[EventType "swiss"]
[EventRounds "9"]
[EventCountry "POL"]
[SourceTitle "EXT 2023"]
[Source "ChessBase"]
[SourceDate "2022.10.05"]
[SourceVersion "1"]
[SourceVersionDate "2022.10.05"]
[SourceQuality "1"]

1. e4 e5 2. Nf3 Nc6 3. Bb5 d6 4. d4 exd4 5. Qxd4 Bd7 6. Bxc6 Bxc6 7. Nc3 Nf6 8. Bg5 Be7 9. 0-0-0 0-0 10. Rhe1 Ng4 11. Bxe7 Qxe7 12. h3 Ne5 13. Nd2 Rfe8 14. f4 Nd7 15. g3 Qf6 16. Qf2 Re6 17. g4 a6 18. g5 Qe7 19. h4 f6 20. f5 Re5 21. Rg1 Nc5 22. Nf3 Nxe4 23. Nxe4 Rxe4 24. Nd4 Bd7 25. Qf3 Re8 26. Qh5 Rxd4 27. Rxd4 Qe3+ 28. Rd2 Qxg1+ 29. Rd1 Re1 0-1

[Event "Polanica Zdroj op-C 44th"]
[Site "Polanica Zdroj"]
[Date "2008.08.23"]
[Round "5"]
[White "Jasnikowska, Daria"]
[Black "Morzywolek, Pawel"]
[Result "1-0"]
[WhiteElo "1672"]
[BlackElo "1805"]
[PlyCount "81"]
[EventDate "2008.08.19"]
[EventType "swiss"]
[EventRounds "9"]
[EventCountry "POL"]
[SourceTitle "CBM 126 Extra"]
[Source "ChessBase"]
[SourceDate "2008.11.05"]
[SourceVersion "1"]
[SourceVersionDate "2008.11.05"]
[SourceQuality "1"]

1. e4 e5 2. Nf3 Nc6 3. d4 exd4 4. Nxd4 Nf6 5. Nxc6 bxc6 6. Bd3 Bb4+ 7. c3 Be7 8. 0-0 d5 9. exd5 cxd5 10. Bg5 0-0 11. Qc2 h6 12. Bh4 Re8 13. Nd2 Bb7 14. Rfe1 Ng4 15. Bxe7 Rxe7 16. Nf3 c5 17. h3 Nf6 18. Rxe7 Qxe7 19. Re1 Qd7 20. Bf5 Qc7 21. Qe2 g6 22. Qe7 Qxe7 23. Rxe7 Ba6 24. Bc2 Rd8 25. Rxa7 Rd6 26. Ne5 d4 27. cxd4 cxd4 28. Nxf7 Rc6 29. Nxh6+ Kh8 30. Nf7+ Kg8 31. Bb3 Kf8 32. Ne5 Rd6 33. Nxg6+ Ke8 34. Ba4+ Kd8 35. Ne5 Kc8 36. g4 d3 37. g5 Ng8 38. Rd7 Rxd7 39. Bxd7+ Kc7 40. Bg4 d2 41. Bd1 1-0

[Event "Poznan op-B 17th"]
[Site "Poznan"]
[Date "2008.07.27"]
[Round "9.8"]
[White "Jasnikowska, Daria"]
[Black "Grabianowski, Krystian"]
[Result "0-1"]
[WhiteElo "1672"]
[BlackElo "1800"]
[PlyCount "56"]
[EventDate "2008.07.19"]
[EventType "swiss"]
[EventRounds "9"]
[EventCountry "POL"]
[SourceTitle "EXT 2023"]
[Source "ChessBase"]
[SourceDate "2022.10.05"]
[SourceVersion "1"]
[SourceVersionDate "2022.10.05"]
[SourceQuality "1"]

1. e4 e5 2. Nf3 Nc6 3. d4 exd4 4. Nxd4 Qh4 5. Qd3 Nf6 6. Nd2 Ng4 7. g3 Qf6 8. N4f3 Nd4 9. Nxd4 Nxf2 10. Qf3 Qxf3 11. N2xf3 Nxh1 12. Bg2 Nxg3 13. hxg3 Bc5 14. Bf4 d6 15. Ke2 Be6 16. a3 0-0-0 17. b4 Bb6 18. a4 a5 19. bxa5 Bc4+ 20. Ke1 Bxa5+ 21. Kf2 Bb6 22. Ke1 d5 23. e5 Ba5+ 24. Bd2 Bxd2+ 25. Kxd2 Rde8 26. Bh3+ Kb8 27. Rb1 f6 28. exf6 gxf6 0-1

[Event "Poznan op-B 17th"]
[Site "Poznan"]
[Date "2008.07.26"]
[Round "8"]
[White "Remez, Serhiy"]
[Black "Jasnikowska, Daria"]
[Result "1-0"]
[WhiteElo "1988"]
[BlackElo "1672"]
[PlyCount "150"]
[EventDate "2008.07.19"]
[EventType "swiss"]
[EventRounds "9"]
[EventCountry "POL"]
[SourceTitle "EXT 2009"]
[Source "ChessBase"]
[SourceDate "2008.11.26"]
[SourceVersion "1"]
[SourceVersionDate "2008.11.26"]
[SourceQuality "1"]

1. Nf3 d5 2. g3 Bf5 3. Bg2 Nf6 4. d3 e6 5. 0-0 Be7 6. h3 c5 7. Nh4 Bg6 8. Nxg6 hxg6 9. c4 Nc6 10. cxd5 exd5 11. Nd2 0-0 12. Nf3 Rc8 13. Bd2 Qc7 14. Rc1 b6 15. a3 Ne5 16. Ng5 Qb8 17. Qa4 c4 18. f4 b5 19. Qd1 Nc6 20. dxc4 dxc4 21. Kh2 Rfd8 22. Qe1 Bc5 23. e4 Rd3 24. e5 Nh7 25. Ne4 Be7 26. Nf2 Rdd8 27. Bc3 Nd4 28. Qe4 Nf5 29. Rcd1 Qb6 30. Ng4 Nf8 31. Qb7 Qxb7 32. Bxb7 Rxd1 33. Rxd1 Rb8 34. Be4 b4 35. axb4 Bxb4 36. Rb1 a5 37. Nf2 Bxc3 38. bxc3 Rb3 39. Nd1 a4 40. Ra1 Nd7 41. Rxa4 Nb6 42. Rb4 Rxb4 43. cxb4 Nd4 44. Nc3 Kf8 45. Kg2 Nb3 46. Kf2 Ke8 47. Ke3 Kd7 48. g4 Ke6 49. h4 Nc1 50. h5 gxh5 51. gxh5 f6 52. exf6 Kxf6 53. b5 Nd7 54. Nd5+ Kf7 55. Kd4 Ne2+ 56. Kxc4 Ng3 57. Bg6+ Ke6 58. Nc7+ Ke7 59. Kd5 Ne2 60. Ke4 Nc3+ 61. Kd3 Na4 62. Nd5+ Ke6 63. Nc3 Nac5+ 64. Kc4 Nb7 65. Na4 Nd6+ 66. Kb4 Nb7 67. Be4 Nd6 68. Bd3 Kd5 69. b6 Kc6 70. Ka5 Nb7+ 71. Ka6 Nbc5+ 72. Nxc5 Nxc5+ 73. Ka7 Nd7 74. b7 Kc7 75. Bb5 Nb8 1-0

[Event "Poznan op-B 17th"]
[Site "Poznan"]
[Date "2008.07.23"]
[Round "5"]
[White "Raszkiewicz, Agnieszka"]
[Black "Jasnikowska, Daria"]
[Result "0-1"]
[WhiteElo "1827"]
[BlackElo "1672"]
[PlyCount "92"]
[EventDate "2008.07.19"]
[EventType "swiss"]
[EventRounds "9"]
[EventCountry "POL"]
[SourceTitle "EXT 2009"]
[Source "ChessBase"]
[SourceDate "2008.11.26"]
[SourceVersion "1"]
[SourceVersionDate "2008.11.26"]
[SourceQuality "1"]

1. e4 d5 2. exd5 Qxd5 3. Nc3 Qa5 4. d4 Nf6 5. Bc4 c6 6. Nge2 Bf5 7. Bd2 e6 8. 0-0 Qc7 9. Bf4 Bd6 10. Bxd6 Qxd6 11. Ng3 Bg6 12. f4 0-0 13. f5 exf5 14. Nxf5 Qc7 15. Qf3 Qd7 16. Ne2 Bxf5 17. Qxf5 Qxf5 18. Rxf5 Nbd7 19. Raf1 Rad8 20. c3 Nb6 21. Bb3 Nbd5 22. Bxd5 Rxd5 23. Rxd5 Nxd5 24. Nf4 Re8 25. Nxd5 cxd5 26. Kf2 b5 27. Rd1 Kf8 28. Rd3 Re6 29. Rh3 h6 30. Rh5 Rd6 31. Re5 f6 32. Re3 Kf7 33. Kf3 Re6 34. Rxe6 Kxe6 35. Kg4 g6 36. h4 f5+ 37. Kf4 Kf6 38. Kf3 g5 39. h5 f4 40. Kg4 a6 41. b3 Ke6 42. Kf3 Kf5 43. c4 bxc4 44. bxc4 dxc4 45. d5 g4+ 46. Ke2 Ke5 0-1